000 00846nam a2200217Ia 4500
999 _c39365
_d39365
001 5954
003 GE_BSU
005 20190829124827.0
008 181216s2002||||ge |||||||||||||| ||geo||
040 _cGE_BSU
041 _ageo
080 _a821.353.1 ა-13
100 _aაბაშიძე, მერაბ
_93820
245 _aორტომეული ტომი II :
_b პროზა ; პოეზია /
_cმერაბ აბაშიძე ; რედ. ლალი კონცელიძე.
264 _aბათუმი :
_bს.ს. გამომცემლობა აჭარა ;
_c2002.
300 _a815 გვ. ;
_c22 სმ.
653 _aპროზა
653 _a პოეზია
700 _aკონცელიძე, ლალი
_eრედაქტორი
_92058
942 _cBK
_2udc